000 00319nam a2200133Ia 4500
008 240624s9999 xx 000 0 und d
041 _aeng
082 _a823 WAL
100 _aWALLACE IRVING
245 _aMAN
260 _c2008
_aBangalore
_bMaster Mind Books
300 _aix, : 751 : p. : cm. ; 17
365 _cRS
_b20
999 _c14338
_d14338